Estudio comparativo del comportamiento reproductivo en algunas áreas rurales y urbanas de América Latina

Guardat en:
Dades bibliogràfiques
Autor principal: Aldunate V., Adolfo
Format: Text
Publicat: Santiago: Programa de Actividades Conjuntas ELAS-CELADE
Etiquetes: Afegir etiqueta
Sense etiquetes, Sigues el primer a etiquetar aquest registre!

MARC

LEADER 00000 a a2200000 04500
001 15791
003
040
090 |a 015500  
100 |a Aldunate V., Adolfo  
245 |a Estudio comparativo del comportamiento reproductivo en algunas áreas rurales y urbanas de América Latina  
260 |a Santiago:   |b Programa de Actividades Conjuntas ELAS-CELADE  
300 |a 7; 9; 215 p.  
999 |c 5399  |d 5399